Hollow Knight Higher Beings - Statistics

General Stats
  • This quiz has been taken 152 times
  • The average score is 5 of 6
Answer Stats
Hint Answer % Correct
The King of Hallownest Pale King/Wyrm
98%
The Bad Guy Radiance/Absolute Radiance
95%
The Queen of Hallownest White Lady
93%
Funny Slug Unn
85%
Cause of the Grimm Troupe Nightmare Heart/Nightmare King
77%
The Lord of Void Shade Lord/Void Entity
56%
No matching quizzes found
Score Distribution
Percent of People with Each Score
Percentile by Number Answered
Your Score History
You have not taken this quiz